| 000 | 01026cam a22002534a 4500 | ||
|---|---|---|---|
| 001 | 14643678 | ||
| 003 | OSt | ||
| 005 | 20241029173107.0 | ||
| 008 | 061122s2007 enk d 000 0 eng | ||
| 020 | _a9780199215140 (pbk.) | ||
| 040 | _cCentral University Library | ||
| 050 | 0 | 0 |
_aPE1628 _b.O945 2007 |
| 245 | 0 | 0 |
_aPaperback Oxford dictionary and thesaurus / _cedited by Sara Hawker, Maurice Waite. |
| 250 | _a2nd ed. | ||
| 260 |
_aOxford ; _aNew York : _bOxford University Press, _c2007. |
||
| 300 |
_a1060 p. ; _c20 cm. |
||
| 500 | _aRev. ed. of: Oxford paperback dictionary, thesaurus, and wordpower guide / dictionary editor, Catherine Soanes ; thesaurus editor, Alan Spooner ; project editor, Sara Hawker, 1st ed., 2001. | ||
| 650 | 0 |
_aEnglish language _vDictionaries. |
|
| 650 | 0 |
_aEnglish language _xSynonyms and antonyms _vDictionaries. |
|
| 700 | 1 | _aHawker, Sara. | |
| 700 | 1 | _aWaite, Maurice. | |
| 856 | 4 | 1 |
_3Table of contents only _uhttp://www.loc.gov/catdir/toc/ecip075/2006039216.html |
| 942 |
_2lcc _cREF _e2nd _n0 |
||
| 999 |
_c345 _d345 |
||